| 000 | 02854cam a2200505Ii 4500 | ||
|---|---|---|---|
| 001 | sjds855036 | ||
| 003 | sjds | ||
| 005 | 20160916142152.0 | ||
| 008 | 141218s2015 scu j b 001 0 spa | ||
| 010 | _a 2014049233 | ||
| 020 | _a9781628555745 (trade paperback) | ||
| 020 | _a1628555742 (trade paperback) | ||
| 035 | _a783482 | ||
| 035 | _a(OCoLC)898433555 | ||
| 035 | _a(OCoLC)ocn898433555 | ||
| 035 | _a774644 | ||
| 035 | _a783482 | ||
| 035 | _a783482 | ||
| 040 |
_aDLC _beng _erda _cDLC _dBDX _dOCLCF _dBTCTA _dOCLCQ _dIFA |
||
| 041 | 1 |
_aspa _heng |
|
| 042 | _apcc | ||
| 049 | _aIFAA | ||
| 099 |
_a597.85 _f2015 |
||
| 999 |
_c16210 _d16210 |
||
| 999 | _bCHILDREN ESPANOL 597.85 CURTIS 2015 | ||
| 100 | 1 |
_aCurtis, Jennifer Keats, _eauthor. |
|
| 240 | 1 | 0 |
_aSalamander season. _lSpanish |
| 245 | 1 | 0 |
_aTemporada de salamandras / _cpor Jennifer Keats Curtis, J. Adam Frederick, y Shennen Bersani. |
| 260 |
_aMount Pleasant, SC : _bArbordale Publishing, _c2015. |
||
| 264 | 1 |
_aMount Pleasant, SC : _bArbordale Publishing, _c2015. |
|
| 300 |
_a1 volume (unpaged) : _bcolor illustrations ; _c25 cm |
||
| 336 |
_atext _btxt _2rdacontent |
||
| 337 |
_aunmediated _bn _2rdamedia |
||
| 338 |
_avolume _bnc _2rdacarrier |
||
| 504 | _aIncludes bibliographical references and index. | ||
| 520 | _aUn una noche fr̕a, y lluviosa de primavera, una nįa y su padre cient̕fico, participan en La noche de salamandras para seguir a cientos de estas salamandras moteadas mientras ellas se aventuran en una piscina primaveral para aparearse y poner huevos. En conjunto, el equipo de padre e hija, estudian a las salamandras en su completa metamorf̤sis anfibia, que culmina en la desaparici̤n de las salamandras adultas en el bosque a finales del verano. En un texto f̀cil de entender, la nįa relata la historia a trav̌s de su propio diario fotogr̀fico. | ||
| 520 | _aOne cold, rainy, spring night, a young girl and her scientist father participate in “Salamander Night” to follow hundreds of spotted salamanders as they venture into a vernal pool to breed and lay eggs. Together, the father-child team studies the salamanders through their complete amphibian metamorphosis, culminating in the adult salamanders| disappearance into the woods in late summer. In easy-to-understand text, the girl relates the tale through her illustrated, photographic journal. | ||
| 650 | 0 |
_aSpotted salamander _vJuvenile literature. |
|
| 650 | 0 |
_aAmphibians _vJuvenile literature. |
|
| 650 | 7 |
_aSalamandras moteadas _vLiteratura juvenil. _2local |
|
| 650 | 7 |
_aAnfibios _vLiteratura juvenil. _2bidex |
|
| 700 | 1 |
_aFrederick, J. Adam, _eauthor. |
|
| 700 | 1 |
_aBersani, Shennen, _eillustrator. |
|
| 776 | 0 | 8 |
_iOnline version: _aCurtis, Jennifer Keats, author. _tTemporada de salamandras. _dMount Pleasant, SC : Arbordale Publishing, 2015 _z9781628555929 _w(DLC) 2014049344 |
| 942 |
_2ddc _cBK |
||